Skoki Narciarskie - Zwycięzcy Pucharu Świata (HARD) - Statystyki

Ogólne statystyki
  • Ten quiz został rozwiązany 155 razy
    69 od ostatniego zresetowania
  • Średni wynik to 26 z 46
Statystyki odpowiedzi
Sezon Zawodnik % Poprawnych
2017/2018 Kamil Stoch
92%
2024/2025 Daniel Tschofenig
88%
2022/2023 Halvor Egner Granerud
84%
2021/2022 Ryōyū Kobayashi
84%
2020/2021 Halvor Egner Granerud
82%
2015/2016 Peter Prevc
82%
2018/2019 Ryōyū Kobayashi
82%
2023/2024 Stefan Kraft
82%
2013/2014 Kamil Stoch
80%
2019/2020 Stefan Kraft
78%
2002/2003 Adam Małysz
76%
2016/2017 Stefan Kraft
76%
2001/2002 Adam Małysz
74%
2014/2015 Severin Freund
72%
2000/2001 Adam Małysz
70%
2006/2007 Adam Małysz
64%
2003/2004 Janne Ahonen
64%
2004/2005 Janne Ahonen
64%
2012/2013 Gregor Schlierenzauer
62%
2010/2011 Thomas Morgenstern
62%
2009/2010 Simon Ammann
60%
2011/2012 Anders Bardal
58%
2008/2009 Gregor Schlierenzauer
56%
2005/2006 Jakub Janda
54%
1999/2000 Martin Schmitt
54%
1998/1999 Martin Schmitt
52%
2007/2008 Thomas Morgenstern
52%
1984/1985 Matti Nykänen
46%
1985/1986 Matti Nykänen
46%
1996/1997 Primož Peterka
40%
1997/1998 Primož Peterka
40%
1979/1980 Hubert Neuper
38%
1983/1984 Jens Weißflog
38%
1987/1988 Matti Nykanen
38%
1995/1996 Andreas Goldberger
36%
1980/1981 Armin Kogler
36%
1982/1983 Matti Nykänen
36%
1993/1994 Espen Bredesen
34%
1991/1992 Tomi Nieminen
34%
1994/1995 Andreas Goldberger
32%
1981/1982 Armin Kogler
32%
1992/1993 Andreas Goldberger
30%
1988/1989 Jan Boklöv
28%
1990/1991 Andreas Felder
26%
1989/1990 Ari-Pekka Nikkola
24%
1986/1987 Vegard Opaas
20%
Nie znaleziono quizów pasujących do podanych kryteriów
Rozkład punktacji
Procent ludzi z każdym wynikiem
Percentyl według liczby udzielonych odpowiedzi
Twoja historia wyników
Nie rozwiązałeś tego quizu od ostatniego zresetowania